| 000 | 00000nam 2200000za 4500 |
| 001 | 9.804925 |
| 003 | CaOODSP |
| 005 | 20250303104652 |
| 007 | cr ||||||||||| |
| 008 | 150406s1894||||xxca |||o f000 0 eng d |
| 040 | |aCaOODSP|beng |
| 043 | |an-cn-mb|an-cnp-- |
| 086 | 1 |aA54-4/4-1894E-PDF |
| 100 | 1 |aFletcher, James, |d1852-1908. |
| 245 | 14|aThe Russian thistle or Russian tumble-weed |h[electronic resource] / |c[James Fletcher]. |
| 260 | |aOttawa : |bGovernment Printing Bureau, |c1894. |
| 300 | |a6 p. : |bill. |
| 490 | 1 |aExperimental Farm notes ; |vno. 4 |
| 500 | |aCover title. |
| 500 | |aAt head of title: Central Experimental Farm, Division of Botany, Department of Agriculture. |
| 500 | |aHistorical publication digitized by Agriculture and Agri-Food Canada. |
| 692 | 07|2gccst|aWeeds |
| 710 | 1 |aCanada. |bDepartment of Agriculture. |
| 710 | 2 |aDominion Experimental Farms and Stations (Canada) |
| 830 | #0|aExperimental Farm notes ;|vno. 4|w(CaOODSP)9.804901 |
| 856 | 40|ahttp://publications.gc.ca|qPDF|s1.61 MB|uhttps://publications.gc.ca/collections/collection_2015/aac-aafc/agrhist/A54-4-4-1894-eng.pdf |